[Event "4th EUR-ch"]
[Site "Istanbul TUR"]
[Date "2003.05.31"]
[Round "2.35"]
[White "Van Wely, Loek"]
[Black "Iordachescu, Viorel"]
[Result "1/2-1/2"]
[WhiteElo "2675"]
[BlackElo "2550"]
[EventDate "2003.05.30"]
[PlyCount "93"]

1.d4 Nf6 2.c4 e6 3.Nc3 Bb4 4.Qc2 O-O 5.a3 Bxc3+ 6.Qxc3 b5 7.cxb5 c6 8.a4 
a6 9.bxa6 Ne4 10.Qc2 d5 11.e3 Nxa6 12.Bxa6 Bxa6 13.Ne2 c5 14.dxc5 Qa5+ 15.
Bd2 Nxd2 16.Qxd2 Qxc5 17.O-O Rfb8 18.Rfb1 Qb4 19.Nc3 Bc4 20.Qd4 Qb3 21.h3 
h6 22.a5 f6 23.Ra3 Qb4 24.Ra4 Qb3 25.Qc5 e5 26.Ra3 Qc2 27.b4 Rc8 28.Qb6 
Kh8 29.b5 Rab8 30.Qd6 Rd8 31.Qc5 Rbc8 32.Qb4 d4 33.exd4 exd4 34.Nd1 Rd5 
35.b6 Rb5 36.b7 Rb8 37.Qxb5 Bxb5 38.Rxb5 Qxd1+ 39.Kh2 Qc1 40.Rab3 Qc6 41.
Rb6 Qc7+ 42.g3 d3 43.a6 d2 44.a7 d1=Q 45.a8=Q Qdd8 46.Qa6 Qc5 47.Rb2 
1/2-1/2

[Event "4th EUR-ch"]
[Site "Istanbul TUR"]
[Date "2003.05.31"]
[Round "2.36"]
[White "Zviagintsev, Vadim"]
[Black "Kempinski, Robert"]
[Result "1/2-1/2"]
[WhiteElo "2664"]
[BlackElo "2553"]
[EventDate "2003.05.30"]
[PlyCount "47"]

1.e4 c5 2.Nf3 d6 3.d4 cxd4 4.Nxd4 Nf6 5.f3 Qb6 6.c4 g6 7.Nc3 Bg7 8.Be3 Qa5
9.Be2 Nc6 10.Nb3 Qd8 11.O-O O-O 12.Qd2 Be6 13.Nd5 Nd7 14.Rac1 a5 15.Nf4 a4
16.Nd4 Nxd4 17.Bxd4 Qa5 18.Rfd1 Qxd2 19.Rxd2 Bxd4+ 20.Rxd4 Rfc8 21.Nd5 
Bxd5 22.Rxd5 Rc5 23.Rc3 Ra6 24.Ra3 1/2-1/2

[Event "4th EUR-ch"]
[Site "Istanbul TUR"]
[Date "2003.05.31"]
[Round "2.41"]
[White "Gurevich, Mikhail"]
[Black "Godena, Michele"]
[Result "1/2-1/2"]
[WhiteElo "2635"]
[BlackElo "2527"]
[EventDate "2003.05.30"]
[PlyCount "49"]

1.c4 e5 2.g3 c6 3.d4 Bb4+ 4.Bd2 Bxd2+ 5.Qxd2 d6 6.Nc3 Nf6 7.Bg2 O-O 8.e4 
Be6 9.b3 b5 10.cxb5 cxb5 11.dxe5 dxe5 12.Qxd8 Rxd8 13.Nxb5 Nc6 14.Nf3 Rac8
15.O-O a6 16.Na3 Nxe4 17.Nxe5 Nxe5 18.Bxe4 Rd2 19.Rfd1 Rcd8 20.Rxd2 Rxd2 
21.f4 f5 22.Bg2 Ng4 23.Re1 Rxa2 24.Rxe6 Rxa3 25.Bd5 1/2-1/2

[Event "4th EUR-ch"]
[Site "Istanbul TUR"]
[Date "2003.05.31"]
[Round "2.43"]
[White "Lastin, Alexander"]
[Black "Reinderman, Dimitri"]
[Result "1-0"]
[WhiteElo "2632"]
[BlackElo "2516"]
[EventDate "2003.05.30"]
[PlyCount "65"]

1.d4 Nf6 2.c4 g6 3.Nc3 Bg7 4.e4 d6 5.Nf3 O-O 6.Be2 e5 7.O-O Nc6 8.d5 Ne7 
9.Ne1 Nd7 10.Be3 f5 11.f3 f4 12.Bf2 g5 13.Rc1 Ng6 14.c5 Nxc5 15.b4 Na6 16.
Nd3 Rf7 17.Nb5 h5 18.a4 Bh6 19.Nxa7 Bd7 20.b5 Nc5 21.Nc6 Qf6 22.Bxc5 dxc5 
23.Nxc5 g4 24.d6 gxf3 25.Bc4 fxg2 26.Nxd7 gxf1=Q+ 27.Bxf1 Qxd6 28.Qxh5 Bg7
29.Rd1 Qxd1 30.Qxd1 bxc6 31.Qb3 Nh8 32.bxc6 Re8 33.a5 1-0

[Event "4th EUR-ch"]
[Site "Istanbul TUR"]
[Date "2003.05.31"]
[Round "2.45"]
[White "Pelletier, Yannick"]
[Black "Grigoriants, Sergei"]
[Result "1-0"]
[WhiteElo "2623"]
[BlackElo "2506"]
[EventDate "2003.05.30"]
[PlyCount "77"]

1.Nf3 Nf6 2.c4 g6 3.Nc3 Bg7 4.e4 d6 5.d4 O-O 6.Be2 e5 7.O-O Nc6 8.d5 Ne7 
9.Bg5 Nh5 10.Ne1 Nf4 11.Nd3 Nxe2+ 12.Qxe2 h6 13.Be3 f5 14.f3 f4 15.Bf2 g5 
16.c5 Ng6 17.Rac1 Rf7 18.Rc2 Bd7 19.Rfc1 h5 20.a4 a6 21.b4 g4 22.c6 bxc6 
23.dxc6 gxf3 24.gxf3 Bxc6 25.Kh1 Be8 26.Nd5 c6 27.Bb6 Qc8 28.Ba5 Raa7 29.
Qf2 Bf8 30.Nf6+ Rxf6 31.Qxa7 Qh3 32.Qf2 Nh4 33.Bd8 Bg7 34.Ne1 Bg6 35.Bxf6 
Bxf6 36.Rxc6 Nxf3 37.Nxf3 Bxe4 38.Qg2+ Qg4 39.h3 1-0

[Event "4th EUR-ch"]
[Site "Istanbul TUR"]
[Date "2003.05.31"]
[Round "2.47"]
[White "Guseinov, Kadir"]
[Black "Ftacnik, Lubomir"]
[Result "0-1"]
[WhiteElo "2505"]
[BlackElo "2611"]
[EventDate "2003.05.30"]
[PlyCount "81"]

1.e4 c5 2.Nf3 d6 3.d4 cxd4 4.Nxd4 Nf6 5.Nc3 a6 6.Bg5 Nbd7 7.f4 e6 8.Qe2 
Be7 9.O-O-O Qc7 10.Nf3 Nb6 11.Qe1 Bd7 12.e5 dxe5 13.fxe5 Nfd5 14.Bxe7 Nxe7
15.Bd3 Bc6 16.Qg3 Ng6 17.Bxg6 hxg6 18.Ng5 Nc4 19.b3 Nxe5 20.Rhe1 f6 21.
Nxe6 Qa5 22.Nd5 Qxa2 23.Rxe5 Qa1+ 24.Kd2 Qxe5 25.Qxg6+ Kd7 26.Qxg7+ Kxe6 
27.Qe7+ Kxd5 28.c4+ Kd4 29.Kc2+ Ke3 30.Re1+ Kf2 31.Rxe5 fxe5 32.Qxe5 Rhe8 
33.Qf4+ Kxg2 34.Qg3+ Kh1 35.h4 Rf8 36.Qh3+ Kg1 37.Qg4+ Kf2 38.Qd4+ Kg2 39.
Qg4+ Kh2 40.Kc3 a5 41.h5 0-1

[Event "4th EUR-ch"]
[Site "Istanbul TUR"]
[Date "2003.05.31"]
[Round "2.50"]
[White "Baklan, Volodymyr"]
[Black "Cherniaev, Alexander"]
[Result "1-0"]
[WhiteElo "2607"]
[BlackElo "2501"]
[EventDate "2003.05.30"]
[PlyCount "71"]

1.e4 c5 2.Nf3 e6 3.Nc3 Nc6 4.Bb5 Nd4 5.O-O a6 6.Bd3 Ne7 7.Nxd4 cxd4 8.Ne2 
Nc6 9.c3 Bc5 10.b4 Ba7 11.cxd4 Nxd4 12.Bb2 Qf6 13.Kh1 g5 14.Rc1 d6 15.f4 
gxf4 16.Nxf4 Qg5 17.Nh5 e5 18.Nf6+ Kd8 19.Qa4 Be6 20.Qa5+ Ke7 21.Qc7+ Kf8 
22.Bc4 Rc8 23.Qxd6+ Kg7 24.Bxe6 Rxc1 25.Bxc1 Nxe6 26.d4 Qg6 27.d5 Bb8 28.
Qe7 Nf4 29.Bxf4 exf4 30.Ne8+ Rxe8 31.Qxe8 Bd6 32.Qd7 b5 33.a3 Be5 34.Qf5 
Qxf5 35.exf5 Kf6 36.Rc1 1-0

[Event "4th EUR-ch"]
[Site "Istanbul TUR"]
[Date "2003.05.31"]
[Round "2.52"]
[White "Nikolaidis, Ioannis"]
[Black "Dolmatov, Sergei"]
[Result "1/2-1/2"]
[WhiteElo "2498"]
[BlackElo "2606"]
[EventDate "2003.05.30"]
[PlyCount "40"]

1.d4 Nf6 2.c4 g6 3.Nc3 Bg7 4.e4 d6 5.Bg5 h6 6.Be3 Ng4 7.Bc1 e5 8.d5 f5 9.
Be2 Nf6 10.exf5 gxf5 11.Bh5+ Nxh5 12.Qxh5+ Kf8 13.f4 Qe8 14.Qh4 e4 15.Nge2
Na6 16.O-O Qg6 17.Be3 Bd7 18.Qf2 Nb4 19.Nc1 a5 20.a3 Na6 1/2-1/2

[Event "4th EUR-ch"]
[Site "Istanbul TUR"]
[Date "2003.05.31"]
[Round "2.53"]
[White "Korneev, Oleg"]
[Black "Comas i Fabrego, Lluis"]
[Result "1/2-1/2"]
[WhiteElo "2606"]
[BlackElo "2490"]
[EventDate "2003.05.30"]
[PlyCount "66"]

1.e4 e5 2.Nf3 Nc6 3.Bb5 d6 4.d4 Bd7 5.O-O Nf6 6.Nc3 Be7 7.Bxc6 Bxc6 8.Qd3 
exd4 9.Nxd4 Bd7 10.Bg5 O-O 11.Rfe1 Ng4 12.Bxe7 Qxe7 13.Nd5 Qd8 14.h3 Nf6 
15.c4 Re8 16.Nc3 c6 17.Nb3 Be6 18.Rad1 Qb6 19.Nd4 Rad8 20.Nxe6 Rxe6 21.e5 
Rde8 22.b3 Rxe5 23.Rxe5 dxe5 24.Ne4 Nxe4 25.Qxe4 Qc7 26.c5 f6 27.Rd6 Rd8 
28.Qc4+ Kf8 29.Qd3 Rxd6 30.cxd6 Qd7 31.Qxh7 Qxd6 32.Qh8+ Kf7 33.Qa8 Qd1+ 
1/2-1/2

[Event "4th EUR-ch"]
[Site "Istanbul TUR"]
[Date "2003.05.31"]
[Round "2.55"]
[White "Shneider, Alexander"]
[Black "Efimenko, Zahar"]
[Result "1/2-1/2"]
[WhiteElo "2497"]
[BlackElo "2599"]
[EventDate "2003.05.30"]
[PlyCount "27"]

1.d4 Nf6 2.c4 g6 3.Nc3 Bg7 4.e4 d6 5.Be2 O-O 6.Nf3 e5 7.O-O Nc6 8.d5 Ne7 
9.b4 Nh5 10.Ne1 f5 11.Bg5 Nf6 12.f3 Nh5 13.c5 Nf4 14.Bc4 1/2-1/2

[Event "4th EUR-ch"]
[Site "Istanbul TUR"]
[Date "2003.05.31"]
[Round "2.57"]
[White "Andersson, Ulf"]
[Black "Erenburg, Sergey"]
[Result "1/2-1/2"]
[WhiteElo "2594"]
[BlackElo "2499"]
[EventDate "2003.05.30"]
[PlyCount "30"]

1.Nf3 d5 2.d4 Nf6 3.c4 c6 4.Qb3 dxc4 5.Qxc4 Bf5 6.g3 e6 7.Bg2 Nbd7 8.O-O 
Be7 9.Nc3 O-O 10.e3 Ne4 11.Nd2 Nxd2 12.Bxd2 e5 13.e4 exd4 14.Qxd4 Be6 15.
Be3 Bc5 1/2-1/2

[Event "4th EUR-ch"]
[Site "Istanbul TUR"]
[Date "2003.05.31"]
[Round "2.58"]
[White "Dizdarevic, Emir"]
[Black "Istratescu, Andrei"]
[Result "1/2-1/2"]
[WhiteElo "2491"]
[BlackElo "2593"]
[EventDate "2003.05.30"]
[PlyCount "60"]

1.Nf3 g6 2.c4 c5 3.e4 Bg7 4.d4 cxd4 5.Nxd4 Nc6 6.Be3 Nf6 7.Nc3 Ng4 8.Qxg4 
Bxd4 9.Bxd4 Nxd4 10.O-O-O Nc6 11.Qg3 b6 12.h4 f6 13.f4 d6 14.Be2 Be6 15.
Qe3 Qd7 16.Kb1 O-O-O 17.Rd2 Kb8 18.Rc1 Rc8 19.Nd5 g5 20.hxg5 fxg5 21.g3 
gxf4 22.gxf4 h5 23.Bf3 Bg4 24.Bh1 e5 25.f5 Qg7 26.Bf3 Bxf3 27.Qxf3 Nd4 28.
Qa3 Qd7 29.Rg2 h4 30.Qh3 b5 1/2-1/2

[Event "4th EUR-ch"]
[Site "Istanbul TUR"]
[Date "2003.05.31"]
[Round "2.59"]
[White "Kacheishvili, Giorgi"]
[Black "Mastrovasilis, Athanasios"]
[Result "1-0"]
[WhiteElo "2592"]
[BlackElo "2487"]
[EventDate "2003.05.30"]
[PlyCount "65"]

1.d4 Nf6 2.c4 e6 3.Nc3 Bb4 4.Qc2 Nc6 5.Nf3 d6 6.a3 Bxc3+ 7.Qxc3 O-O 8.Bg5 
h6 9.Bh4 g5 10.Bg3 Ne4 11.Qc2 f5 12.e3 Qf6 13.c5 h5 14.cxd6 cxd6 15.h4 g4 
16.Nd2 Nxd2 17.Qxd2 e5 18.d5 f4 19.dxc6 fxg3 20.Bc4+ Be6 21.Bxe6+ Qxe6 22.
fxg3 bxc6 23.e4 Qg6 24.O-O-O Rf6 25.Qc2 Rc8 26.Kb1 Qf7 27.Rd2 Rf1+ 28.Rxf1
Qxf1+ 29.Rd1 Qf8 30.Qc4+ Kg7 31.Rf1 Qe7 32.Rf5 c5 33.Rg5+ 1-0

[Event "4th EUR-ch"]
[Site "Istanbul TUR"]
[Date "2003.05.31"]
[Round "2.61"]
[White "Galkin, Alexander"]
[Black "Genov, Petar"]
[Result "1/2-1/2"]
[WhiteElo "2591"]
[BlackElo "2490"]
[EventDate "2003.05.30"]
[PlyCount "27"]

1.e4 c5 2.Nf3 d6 3.d4 cxd4 4.Nxd4 Nf6 5.Nc3 a6 6.Be2 e6 7.f4 Nbd7 8.Bf3 g6
9.g4 h6 10.Be3 e5 11.Nde2 b5 12.Nd5 Bb7 13.Nec3 Rc8 14.a3 1/2-1/2

[Event "4th EUR-ch"]
[Site "Istanbul TUR"]
[Date "2003.05.31"]
[Round "2.62"]
[White "Rotsagov, Mihhail"]
[Black "Huzman, Alexander"]
[Result "1/2-1/2"]
[WhiteElo "2487"]
[BlackElo "2589"]
[EventDate "2003.05.30"]
[PlyCount "50"]

1.e4 c6 2.d4 d5 3.e5 Bf5 4.Be3 e6 5.Nd2 Nd7 6.c3 Qb6 7.b4 f6 8.exf6 Ngxf6 
9.Ngf3 Qc7 10.h3 Bd6 11.Be2 O-O 12.O-O e5 13.dxe5 Nxe5 14.Nxe5 Bxe5 15.Rc1
Bh2+ 16.Kh1 Bf4 17.Bxf4 Qxf4 18.Nf3 Rae8 19.Kg1 Kh8 20.Nd4 Bd7 21.Bf3 Ne4 
22.Rc2 Qg5 23.Bg4 Bxg4 24.Qxg4 Qf6 25.Qd7 Nd6 1/2-1/2

[Event "4th EUR-ch"]
[Site "Istanbul TUR"]
[Date "2003.05.31"]
[Round "2.64"]
[White "Kupreichik, Viktor"]
[Black "Damljanovic, Branko"]
[Result "0-1"]
[WhiteElo "2484"]
[BlackElo "2587"]
[EventDate "2003.05.30"]
[PlyCount "74"]

1.e4 c5 2.Nf3 Nc6 3.d4 cxd4 4.Nxd4 Nf6 5.Nc3 d6 6.Bc4 Qb6 7.Nb3 e6 8.Bf4 
Ne5 9.Be2 Bd7 10.Be3 Qc7 11.Qd4 a6 12.f4 Ng6 13.O-O-O Be7 14.g4 e5 15.Qd2 
Bc6 16.Nd5 Bxd5 17.exd5 exf4 18.Bxf4 O-O 19.Kb1 Rfe8 20.Rhf1 Ne4 21.Qb4 
Bh4 22.Bd3 a5 23.Qa4 Nf2 24.Bxg6 hxg6 25.Rd2 Re4 26.Rd4 Re2 27.Rc4 Qxc4 
28.Qxc4 Re4 29.Nd2 Rxc4 30.Nxc4 Nxg4 31.Nxd6 g5 32.Bg3 Bxg3 33.hxg3 b6 34.
c4 Ne5 35.b3 g6 36.Ne4 g4 37.Rf6 Rb8 0-1

[Event "4th EUR-ch"]
[Site "Istanbul TUR"]
[Date "2003.05.31"]
[Round "2.65"]
[White "Palo, Davor"]
[Black "Palac, Mladen"]
[Result "1/2-1/2"]
[WhiteElo "2472"]
[BlackElo "2587"]
[EventDate "2003.05.30"]
[PlyCount "62"]

1.d4 Nf6 2.c4 e6 3.Nf3 d5 4.Nc3 Bb4 5.Bg5 dxc4 6.e4 c5 7.e5 cxd4 8.Qa4+ 
Nc6 9.O-O-O Bd7 10.Ne4 Be7 11.exf6 gxf6 12.Bh4 Rc8 13.Kb1 Na5 14.Qc2 e5 
15.Nxe5 fxe5 16.Nd6+ Kf8 17.Bxe7+ Kxe7 18.Nxc8+ Qxc8 19.Qd2 Bf5+ 20.Ka1 
Qc5 21.g4 Be4 22.f3 Bxf3 23.Qg5+ Ke8 24.Re1 Nc6 25.Qf6 Bxh1 26.Qxh8+ Ke7 
27.g5 c3 28.Qf6+ Ke8 29.Qh8+ Ke7 30.Qf6+ Ke8 31.Qh8+ Ke7 1/2-1/2

[Event "4th EUR-ch"]
[Site "Istanbul TUR"]
[Date "2003.05.31"]
[Round "2.66"]
[White "Sulskis, Sarunas"]
[Black "Olafsson, Helgi"]
[Result "1/2-1/2"]
[WhiteElo "2578"]
[BlackElo "2473"]
[EventDate "2003.05.30"]
[PlyCount "106"]

1.e4 c6 2.d4 d5 3.exd5 cxd5 4.c4 Nf6 5.Nc3 e6 6.Nf3 Be7 7.cxd5 Nxd5 8.Bd3 
Nc6 9.O-O O-O 10.Re1 Bf6 11.Ne4 Bxd4 12.Nxd4 Nxd4 13.Qh5 f5 14.Bg5 Qe8 15.
Qxe8 Rxe8 16.Nd6 Rf8 17.Rac1 h6 18.Be3 Nxe3 19.fxe3 Nc6 20.Bb5 Ne5 21.Rc5 
Nf7 22.Nxf7 Rxf7 23.Rd1 b6 24.Rd8+ Rf8 25.Rxf8+ Kxf8 26.Rc7 a5 27.Kf2 Rb8 
28.b3 Bb7 29.Bc4 Be4 30.Bxe6 Rd8 31.Ke2 Bd3+ 32.Kf3 g5 33.g4 Be4+ 34.Ke2 
fxg4 35.Bxg4 Rd6 36.a3 h5 37.Bxh5 Rh6 38.Rf7+ Kg8 39.Re7 Rxh5 40.Rxe4 
Rxh2+ 41.Kd3 Rh6 42.Re5 Rg6 43.Ke2 Kf7 44.Kf3 g4+ 45.Kg3 Rc6 46.b4 Rc3 47.
bxa5 Rxa3 48.axb6 Rb3 49.Kxg4 Rxb6 50.Kf5 Ra6 51.Rb5 Rf6+ 52.Ke4 Re6+ 53.
Kf4 Rf6+ 1/2-1/2

[Event "4th EUR-ch"]
[Site "Istanbul TUR"]
[Date "2003.05.31"]
[Round "2.69"]
[White "Nijboer, Friso"]
[Black "Sargissian, Gabriel"]
[Result "1-0"]
[WhiteElo "2562"]
[BlackElo "2572"]
[EventDate "2003.05.30"]
[PlyCount "106"]

1.e4 e5 2.Nf3 Nc6 3.Bb5 a6 4.Ba4 Nf6 5.O-O Be7 6.Re1 b5 7.Bb3 O-O 8.h3 Bb7
9.d3 d6 10.a3 Na5 11.Ba2 c5 12.Nc3 Nc6 13.Nd5 Nxd5 14.Bxd5 Qc7 15.c3 Nb8 
16.Bxb7 Qxb7 17.d4 Nd7 18.dxe5 dxe5 19.c4 bxc4 20.Qe2 Rfd8 21.a4 Rab8 22.
Nd2 Nf8 23.Nxc4 Ne6 24.Nxe5 Nd4 25.Qc4 Bd6 26.Nf3 Qb3 27.Qxb3 Rxb3 28.Nxd4
cxd4 29.Rd1 f6 30.Kf1 d3 31.Bd2 Be5 32.Ra3 Rdb8 33.Rxb3 Rxb3 34.Bc3 Bxc3 
35.Rxd3 Rxb2 36.Rxc3 Rb4 37.a5 Rb5 38.Ra3 Kf7 39.Ke2 g5 40.g3 Re5 41.Ke3 
f5 42.Kd4 Kf6 43.f3 Rb5 44.g4 fxe4 45.fxe4 Ke6 46.Rc3 Rxa5 47.Rc6+ Ke7 48.
e5 Ra1 49.Rh6 a5 50.Rh5 Ke6 51.Rh6+ Ke7 52.Ke4 Rf1 53.h4 gxh4 1-0

[Event "4th EUR-ch"]
[Site "Istanbul TUR"]
[Date "2003.05.31"]
[Round "2.70"]
[White "Burmakin, Vladimir"]
[Black "Olcayoz, Alper"]
[Result "1-0"]
[WhiteElo "2569"]
[BlackElo "2310"]
[EventDate "2003.05.30"]
[PlyCount "53"]

1.d4 Nf6 2.Nf3 e6 3.c4 b6 4.a3 Bb7 5.Nc3 d5 6.cxd5 Nxd5 7.Bd2 Nd7 8.Qc2 
Be7 9.e4 Nxc3 10.Bxc3 O-O 11.Rd1 Qc8 12.Be2 c5 13.d5 exd5 14.exd5 Bf6 15.
O-O Ba6 16.Bxa6 Qxa6 17.Bxf6 Nxf6 18.Ne5 Qb7 19.d6 Rad8 20.d7 Nd5 21.Qc4 
Ne7 22.Rfe1 b5 23.Qxc5 Nf5 24.Qc6 Qb8 25.Qe4 Ne7 26.Qb4 f6 27.Qb3+ 1-0

[Event "4th EUR-ch"]
[Site "Istanbul TUR"]
[Date "2003.05.31"]
[Round "2.71"]
[White "Izoria, Zviad"]
[Black "Grant, Jonathan"]
[Result "1-0"]
[WhiteElo "2569"]
[BlackElo "2253"]
[EventDate "2003.05.30"]
[PlyCount "109"]

1.d4 Nf6 2.c4 e6 3.g3 Bb4+ 4.Bd2 Qe7 5.Bg2 Nc6 6.e3 O-O 7.Ne2 Bxd2+ 8.Qxd2
e5 9.Nbc3 d6 10.d5 Nb8 11.h3 a5 12.f4 Na6 13.O-O Bd7 14.g4 Nc5 15.Ng3 g6 
16.b3 Ne8 17.f5 Qh4 18.Rf3 gxf5 19.Nxf5 Bxf5 20.Rxf5 Ng7 21.Raf1 Nxf5 22.
Rxf5 f6 23.Ne2 Qh6 24.Ng3 Qg6 25.Kh2 Rf7 26.Qf2 Raf8 27.Be4 Nxe4 28.Nxe4 
h5 29.gxh5 Qh6 30.Qf3 Rg7 31.Rxf6 Rxf6 32.Nxf6+ Kh8 33.Ng4 Qg5 34.h6 Rg8 
35.Qf7 Qg6 36.Qxc7 Qc2+ 37.Kg3 Qe2 38.Kh4 Qe1+ 39.Kh5 Qg3 40.Qe7 Qxh3+ 41.
Qh4 Qxh4+ 42.Kxh4 Rf8 43.Kg5 Rc8 44.Kf5 a4 45.Ke6 Rg8 46.Nf6 Rg6 47.bxa4 
Rxh6 48.Ke7 Rh3 49.c5 dxc5 50.d6 Rxe3 51.d7 Rd3 52.d8=Q+ Rxd8 53.Kxd8 c4 
54.Ne4 Kg7 55.Ke7 1-0

[Event "4th EUR-ch"]
[Site "Istanbul TUR"]
[Date "2003.05.31"]
[Round "2.72"]
[White "Bischoff, Klaus"]
[Black "Can, Emre"]
[Result "1-0"]
[WhiteElo "2564"]
[BlackElo "2200"]
[EventDate "2003.05.30"]
[PlyCount "105"]

1.d4 Nf6 2.c4 g6 3.Nc3 Bg7 4.e4 d6 5.f3 O-O 6.Be3 c5 7.Nge2 Nc6 8.d5 Ne5 
9.Ng3 e6 10.Be2 exd5 11.cxd5 a6 12.Qd2 b5 13.Bh6 Rb8 14.O-O Re8 15.Bxg7 
Kxg7 16.Rac1 Qb6 17.Nh1 Bd7 18.Nf2 c4 19.Nd1 h5 20.Ne3 Neg4 21.Ned1 Ne5 
22.b3 cxb3 23.axb3 a5 24.Ne3 Rec8 25.Nc2 a4 26.b4 Rc7 27.Na3 Rbc8 28.Rxc7 
Rxc7 29.h3 Kg8 30.Kh2 h4 31.f4 Nc4 32.Bxc4 bxc4 33.Qc3 Nh5 34.Nd1 Rb7 35.
Nc2 Ng3 36.Re1 Rb8 37.Qf3 Re8 38.Nc3 Qb8 39.b5 Qa7 40.Ra1 f5 41.Rxa4 fxe4 
42.Rxa7 exf3 43.gxf3 Bxb5 44.Nd4 Re1 45.Ncxb5 Rd1 46.Ne6 Rxd5 47.Nbd4 c3 
48.Rc7 Nf5 49.Nxf5 Rd2+ 50.Kg1 c2 51.Nxh4 Rd1+ 52.Kf2 c1=Q 53.Rg7+ 1-0

[Event "4th EUR-ch"]
[Site "Istanbul TUR"]
[Date "2003.05.31"]
[Round "2.73"]
[White "Moor, Roger"]
[Black "Tzermiadianos, Andreas"]
[Result "1/2-1/2"]
[WhiteElo "2405"]
[BlackElo "2428"]
[EventDate "2003.05.30"]
[PlyCount "116"]

1.c4 Nf6 2.g3 g6 3.Bg2 Bg7 4.Nf3 O-O 5.O-O d6 6.Nc3 Nc6 7.Rb1 a5 8.a3 e5 
9.d3 h6 10.Nd2 Be6 11.Nd5 Ne8 12.b4 axb4 13.axb4 Qd7 14.b5 Nd8 15.Bb2 Bh3 
16.Qc2 Bxg2 17.Kxg2 Ne6 18.Ra1 Rxa1 19.Rxa1 c6 20.Nc3 f5 21.Ra7 c5 22.Nd5 
Nf6 23.Qa4 f4 24.b6 Qf7 25.Nxf6+ Bxf6 26.Ne4 Bd8 27.f3 fxg3 28.hxg3 Ng5 
29.Nxg5 hxg5 30.g4 Bxb6 31.Ra8 Rxa8 32.Qxa8+ Kg7 33.Bc1 d5 34.cxd5 Qxd5 
35.Bxg5 Qd7 36.Qa1 Bc7 37.Qh1 Qe6 38.Bh6+ Kg8 39.Qa1 Kh7 40.Be3 Qd6 41.Qa2
Kg7 42.Kf1 b5 43.Qc2 Bb6 44.Qb2 b4 45.f4 Bc7 46.Qc2 exf4 47.Bxc5 Qd5 48.
Qb2+ Be5 49.Qxb4 Qh1+ 50.Kf2 Qh4+ 51.Kf1 Qh1+ 52.Bg1 Qh3+ 53.Ke1 Qxg4 54.
Qe7+ Kh6 55.Qxe5 Qxg1+ 56.Kd2 g5 57.d4 f3 58.exf3 Qf2+ 1/2-1/2

[Event "4th EUR-ch"]
[Site "Istanbul TUR"]
[Date "2003.05.31"]
[Round "2.77"]
[White "Tratar, Marko"]
[Black "Filippov, Valery"]
[Result "0-1"]
[WhiteElo "2464"]
[BlackElo "2627"]
[EventDate "2003.05.30"]
[PlyCount "178"]

1.d4 Nf6 2.Nf3 d5 3.c4 e6 4.g3 dxc4 5.Bg2 c6 6.Ne5 b5 7.a4 Nd5 8.O-O Bb7 
9.e4 Nb4 10.Nc3 Nd7 11.axb5 Nxe5 12.dxe5 Qxd1 13.Rxd1 Nd3 14.Bf1 Nxe5 15.
Bf4 Nd3 16.Bxd3 cxd3 17.Rxd3 Bb4 18.bxc6 Bxc6 19.Bd6 O-O-O 20.Rad1 Bxd6 
21.Rxd6 Rxd6 22.Rxd6 Kc7 23.Rd2 Rb8 24.f3 a5 25.Kf2 g5 26.Ke3 h5 27.h4 
gxh4 28.gxh4 f6 29.Ne2 Rb3+ 30.Kf2 e5 31.Ng3 Be8 32.Nf5 a4 33.Ne3 Bf7 34.
Nf5 Kb6 35.Nd6 Bg6 36.Nc4+ Kc5 37.Ne3 Bf7 38.Rc2+ Kb5 39.Ke2 Bg8 40.Rd2 
Rb4 41.Kd1 Rb3 42.Ke2 Bc4+ 43.Kf2 Rb4 44.Nf5 Kc5 45.Rc2 Kb6 46.Rd2 Rb3 47.
Ne3 Kb5 48.Rc2 Bd3 49.Rd2 Kc5 50.Nf5 Bc4 51.Rc2 Kb4 52.Ne3 Be6 53.Ke2 Ka5 
54.Kd2 Rb6 55.Rc5+ Kb4 56.Rc3 Rd6+ 57.Ke2 Kb5 58.Rd3 Rb6 59.Kd2 Kc5 60.
Rc3+ Kd6 61.Rd3+ Ke7 62.Kc2 Rb8 63.Rd2 Bb3+ 64.Kc3 Ba2 65.b4 axb3 66.Kb2 
Rg8 67.Rg2 Rd8 68.Nd5+ Kf7 69.Rg1 Rc8 70.Nc3 Rc4 71.Rd1 f5 72.Rd5 Ke6 73.
Rb5 fxe4 74.fxe4 Rd4 75.Rb6+ Kd7 76.Nxa2 bxa2 77.Rh6 Rxe4 78.Rxh5 Re2+ 79.
Ka1 Kd6 80.Rh6+ Kd5 81.h5 Rh2 82.Rh8 Kd4 83.h6 e4 84.Rd8+ Ke3 85.Rd6 Kf4 
86.Rf6+ Kg5 87.Re6 Kf5 88.Re8 Rxh6 89.Kxa2 Rb6 0-1

[Event "4th EUR-ch"]
[Site "Istanbul TUR"]
[Date "2003.05.31"]
[Round "2.79"]
[White "Vajda, Levente"]
[Black "Sanduleac, Vasile"]
[Result "1-0"]
[WhiteElo "2592"]
[BlackElo "2492"]
[EventDate "2003.05.30"]
[PlyCount "38"]

1.e4 g6 2.d4 Bg7 3.Nc3 c6 4.Nf3 d5 5.h3 dxe4 6.Nxe4 Bf5 7.Ng3 Be6 8.c3 Nf6
9.Be2 Bd5 10.O-O Bxf3 11.Bxf3 O-O 12.a4 a5 13.Qb3 Qc7 14.Be2 Nbd7 15.Bf4 
Qb6 16.Ra3 Qa6 17.Bc1 e6 18.c4 Rfe8 19.Bd3 Rad8 1-0

[Event "4th EUR-ch"]
[Site "Istanbul TUR"]
[Date "2003.05.31"]
[Round "2.81"]
[White "Hracek, Zbynek"]
[Black "Mastrovasilis, Dimitrios"]
[Result "1/2-1/2"]
[WhiteElo "2584"]
[BlackElo "2456"]
[EventDate "2003.05.30"]
[PlyCount "75"]

1.e4 e5 2.Nf3 Nc6 3.Bb5 Nf6 4.O-O Nxe4 5.d4 a6 6.Ba4 b5 7.Bb3 d5 8.dxe5 
Be6 9.Nbd2 Bc5 10.Nxe4 dxe4 11.Ng5 Qxd1 12.Rxd1 O-O 13.Nxe4 Bb6 14.Be3 
Bxe3 15.fxe3 Rfe8 16.Nc5 Nxe5 17.Bxe6 fxe6 18.b3 a5 19.a4 b4 20.Rd4 Rad8 
21.Rad1 Rxd4 22.Rxd4 Kf7 23.Kf2 Ke7 24.Ke2 Ra8 25.Re4 Kf6 26.h4 Rd8 27.
Rf4+ Ke7 28.Nb7 Rd5 29.Rd4 Nc6 30.Rc4 Kd7 31.Nc5+ Kd6 32.Ne4+ Kd7 33.Ng5 
Ne5 34.Rf4 h6 35.Ne4 Ke7 36.h5 Nd7 37.g4 Nf6 38.Nxf6 1/2-1/2

[Event "4th EUR-ch"]
[Site "Istanbul TUR"]
[Date "2003.05.31"]
[Round "2.82"]
[White "Ruck, Robert"]
[Black "Yagupov, Igor"]
[Result "1-0"]
[WhiteElo "2569"]
[BlackElo "2454"]
[EventDate "2003.05.30"]
[PlyCount "73"]

1.d4 d5 2.c4 c6 3.Nf3 Nf6 4.Nc3 e6 5.Bg5 h6 6.Bxf6 Qxf6 7.e3 Nd7 8.Bd3 
dxc4 9.Bxc4 g6 10.O-O Qe7 11.Rc1 Bg7 12.e4 O-O 13.e5 b6 14.Qe2 a6 15.Rfe1 
Bb7 16.a3 c5 17.d5 b5 18.Ba2 c4 19.Rcd1 Rad8 20.d6 Qe8 21.Ne4 Rb8 22.b3 
cxb3 23.Bxb3 Nxe5 24.Nxe5 Bxe5 25.Nc5 Bg7 26.d7 Qe7 27.Qc2 Rfd8 28.Nxe6 
Rxd7 29.Nxg7 Rxd1 30.Qxd1 Qg5 31.f3 Kxg7 32.Qd7 Qf6 33.Qc7 Rf8 34.Qxb7 
Qd4+ 35.Kh1 Qb2 36.Qd5 Qxa3 37.h3 1-0

[Event "4th EUR-ch"]
[Site "Istanbul TUR"]
[Date "2003.05.31"]
[Round "2.83"]
[White "Hug, Werner"]
[Black "Marin, Mihail"]
[Result "1/2-1/2"]
[WhiteElo "2453"]
[BlackElo "2568"]
[EventDate "2003.05.30"]
[PlyCount "25"]

1.d4 Nf6 2.Nf3 e6 3.Bg5 h6 4.Bh4 b6 5.e3 Bb7 6.Bd3 Be7 7.Nbd2 d6 8.O-O O-O
9.c3 Nbd7 10.e4 Nh5 11.Bxe7 Qxe7 12.g3 Rad8 13.a4 1/2-1/2

[Event "4th EUR-ch"]
[Site "Istanbul TUR"]
[Date "2003.05.31"]
[Round "2.84"]
[White "Jobava, Baadur"]
[Black "Zueger, Beat"]
[Result "1-0"]
[WhiteElo "2566"]
[BlackElo "2448"]
[EventDate "2003.05.30"]
[PlyCount "64"]

1.e4 e6 2.d4 d5 3.Nd2 Nf6 4.e5 Nfd7 5.c3 c5 6.Bd3 Nc6 7.Ne2 cxd4 8.cxd4 f6
9.exf6 Nxf6 10.Nf3 Bd6 11.O-O O-O 12.Bf4 Bxf4 13.Nxf4 Ne4 14.Ne2 Rxf3 15.
gxf3 Ng5 16.Kh1 e5 17.dxe5 Nxe5 18.Ng1 Qf6 19.Be2 Bd7 20.Qxd5+ Kh8 21.Rfd1
Bc6 22.Qd6 Ne6 23.Rac1 Nf7 24.Qb4 a5 25.Qc3 Ne5 26.Rd6 Qf5 27.Rcd1 Ng4 28.
Nh3 Ne5 29.Ng5 Qxg5 30.Rxe6 Ng4 31.Qd4 Qh4 32.Rh6 Qxf2 1-0

[Event "4th EUR-ch"]
[Site "Istanbul TUR"]
[Date "2003.05.31"]
[Round "2.86"]
[White "Iliushin, Alexei"]
[Black "Nyysti, Sampsa"]
[Result "1/2-1/2"]
[WhiteElo "2556"]
[BlackElo "2429"]
[EventDate "2003.05.30"]
[PlyCount "120"]

1.d4 Nf6 2.c4 g6 3.Nc3 d5 4.cxd5 Nxd5 5.e4 Nxc3 6.bxc3 c5 7.Be3 Bg7 8.Qd2 
Qa5 9.Rb1 b6 10.Rc1 Ba6 11.Bxa6 Qxa6 12.f4 O-O 13.Nf3 Nc6 14.e5 cxd4 15.
cxd4 Rac8 16.Kf2 Na5 17.Qe2 Qb7 18.Bd2 Qd5 19.Bxa5 Qxa5 20.Rc2 Rxc2 21.
Qxc2 f6 22.Qc4+ Kh8 23.exf6 Bxf6 24.h4 Qf5 25.g3 Rc8 26.Qb3 Rc2+ 27.Ke3 
Qc8 28.Kd3 Rg2 29.Rg1 Qa6+ 30.Qc4 b5 31.Qf7 Qa3+ 32.Qb3 Rxa2 33.Qxa3 Rxa3+
34.Ke4 a5 35.Rc1 Kg7 36.g4 Kf7 37.g5 Bg7 38.Rc7 b4 39.Rb7 Rc3 40.Rb5 Ra3 
41.Nd2 Ra1 42.Nc4 Rd1 43.Nxa5 Rxd4+ 44.Ke3 Rd1 45.Rxb4 Bc3 46.Rb5 Bxa5 47.
Rxa5 Rh1 48.Ke4 Rxh4 49.Rb5 Rh5 50.Rb6 Rh1 51.Ra6 Re1+ 52.Kf3 Re6 53.Ra8 
Kg7 54.Re8 h5 55.gxh6+ Kxh6 56.Ra8 Kg7 57.Ra5 Kf6 58.Rb5 Rd6 59.Ra5 e6 60.
Ra8 Rb6 1/2-1/2

[Event "4th EUR-ch"]
[Site "Istanbul TUR"]
[Date "2003.05.31"]
[Round "2.87"]
[White "Dvoirys, Semen"]
[Black "Zaja, Ivan"]
[Result "1-0"]
[WhiteElo "2552"]
[BlackElo "2417"]
[EventDate "2003.05.30"]
[PlyCount "78"]

1.e4 e5 2.Nf3 Nc6 3.Bb5 a6 4.Ba4 Nf6 5.O-O b5 6.Bb3 Bc5 7.a4 Rb8 8.axb5 
axb5 9.Nxe5 Nxe5 10.d4 Bxd4 11.Qxd4 d6 12.Nd2 c5 13.Qe3 O-O 14.c3 Bb7 15.
Bc2 Re8 16.f3 Ng6 17.Qf2 Qc7 18.Nb3 Ra8 19.Bg5 Nd7 20.Rad1 Nde5 21.Bc1 Nc4
22.Nd2 Nge5 23.Rfe1 Nxd2 24.Qxd2 Rad8 25.Qf2 c4 26.Bf4 f6 27.Rd4 Ra8 28.
Red1 Ra6 29.b3 cxb3 30.Bxb3+ Kh8 31.Qd2 Rd8 32.h4 Qc5 33.Be3 h5 34.Rb1 Qc6
35.Bd5 Qd7 36.Bxb7 Qxb7 37.Qe2 Qc6 38.Rd5 Qxc3 39.Bd4 Qc6 1-0